| 000 | 00570nam a2200229 a 4500 | ||
|---|---|---|---|
| 999 |
_c5914 _d5914 |
||
| 001 | 5914 | ||
| 003 | BD-JhCC | ||
| 005 | 20180322185635.0 | ||
| 008 | 171230s1969 bg a|||| ||a| 000 0 eng d | ||
| 035 | _a(BD-JhCC) 5914 | ||
| 040 |
_aBD-JhCC _dBD-JhCC |
||
| 041 | _aeng | ||
| 082 |
_a332.1 _bCAR 1969 |
||
| 100 | _aCarter , R.F | ||
| 245 |
_aPay-by Cheque / _c R.F Carter and M. R. Arbon |
||
| 260 |
_aLONDON : _bGEORGE G.HARRAP & CO.LTD , _c1969 |
||
| 300 |
_a56 p .: _c20 cm . |
||
| 650 | _aBanking | ||
| 700 | _aArbon, M. R. | ||
| 942 |
_2ddc _cBK |
||